Monopolios de filantropía: el caso de las llamadas "Organizaciones No Gubernamentales" en América Latina /
Se analizan dos tipos de instituciones que están adquiriendo una reputación internacional de filantropía: las organizaciones finacieras o donantes y las organizaciones receptoras, sin excepción organizaciones privadas de desarrollo. Las organizaciones donantes funcionan como bancos de desarrollo par...
محفوظ في:
| المؤلف الرئيسي: | |
|---|---|
| التنسيق: | نص |
| الموضوعات: | |
| الوسوم: |
إضافة وسم
لا توجد وسوم, كن أول من يضع وسما على هذه التسجيلة!
|
MARC
| LEADER | 00000 a a2200000 04500 | ||
|---|---|---|---|
| 001 | 12661 | ||
| 003 | |||
| 040 | |||
| 100 | |a Kruijt, Dirk | ||
| 245 | |a Monopolios de filantropía: |b el caso de las llamadas "Organizaciones No Gubernamentales" en América Latina / |c Dirk Kruijt | ||
| 520 | |a Se analizan dos tipos de instituciones que están adquiriendo una reputación internacional de filantropía: las organizaciones finacieras o donantes y las organizaciones receptoras, sin excepción organizaciones privadas de desarrollo. Las organizaciones donantes funcionan como bancos de desarrollo para estas actividades y están formando redes complicadas, familias enteras con abuelos, padres, hijos y nietos de "asociaciones para el desarrollo", por supuesto sin fines de lucro. Analiza cuatro organizaciones financiadoras en Holanda (CEBEMO, católico, IICO, iglesias protestantes, NOVIB, partido social demócratico e HIVOS, partido liberal y movimiento humanístico) y las más de cuarenta instituciones, financiadas por ellas en Perú. Se da una polarización entre la teoría y la práctica |a a su vez dichas instituciones creadas para realizar ideales buenos y "hermosos", demuestran consecuencias desastrosas, dichas tendencias no se presentan por casualidad, son consecuencia lógica del proceso de burocratización de la cooperación internacional. OB/LOB | ||
| 650 | |a ORGANIZACIONES NO GUBERNAMENTALES | ||
| 650 | |a IDEOLOGIAS | ||
| 650 | |a ESTRATEGIA DEL DESARROLLO | ||
| 650 | |a DESARROLLO ECONOMICO Y SOCIAL | ||
| 650 | |a CONDICIONES DE VIDA | ||
| 650 | |a PAISES EN DESARROLLO | ||
| 650 | |a BUROCRACIA | ||
| 650 | |a SECTOR PUBLICO | ||
| 650 | |a SECTOR PRIVADO | ||
| 650 | |a ASPECTOS POLITICOS | ||
| 773 | |g número 16; páginas 41- 47 | ||
| 999 | |c 30067 |d 30067 | ||
